000 01024nam a2200217 a 4500
001 000372116
003 AM-YeHGA
005 20250618072258.0
008 041021s1983 ai a||||r|||||||||1|arm|d
040 _aAM-YeHGA
041 1 _aarm
_hrus
_hita
245 1 0 _aՉիպոլինոյի արկածները :
_b[Հեքիաթ-վիպակ] /
_cՋ. Ռոդարի ; Ռուս. թարգմ.՝ Ս. Հարությունյան ; Խմբ.՝ Ջ.Մ. Ղազարյան ; Նկ.՝ Կ.Վ. Սմբատյան.
260 _aԵրևան :
_bՍովետական գրող,
_c1983.
300 _a113 էջ :
_bգունանկ. ;
_c30 սմ.
650 1 4 _aԻտալական մանկական գրականություն
_xՀեքիաթ
700 1 _aՀարությունյան, Սաղաթել Մամիկոնի,
_d1921-2005
_eթարգմ.
_4trl
_91189
700 1 _aՂազարյան, Ջուլիետա Միհրանի,
_d1934-
_eխմբ.
_4edt
_91876
700 1 _aՍմբատյան, Կարեն Վահանի,
_d1932-2008
_eնկ.
_4art
_93744
942 _2udc
_cBK
090 _c143580
999 _c142200
_d142200